000 00630nam a2200181Ia 4500
008 090123s9999 xx 000 0 und d
082 _b34062
100 _aकणेकर शिरिष मधुकर
245 _aगोली मार भेजे में
250 _a1
260 _bराजा पब्लिकेशन
_c2002
300 _a160
600 _aकणेकर शिरिष मधुकर
630 _aगोली मार भेजे में
700 _aकणेकर शिरिष मधुकर
730 _aगोली मार भेजे में
942 _cBOOK
999 _c72106
_d72106